000 01141cam a22003137i 4500
999 _c7355
_d7355
001 1467107
003 GBCCL
005 20241126110626.0
007 hdrafa---baca
007 hdrbfa---baaa
008 860414|1873 ||| 000 0 eng
010 _a 86144824
040 _aDLC
_cDLC
_dDLC
050 0 0 _aMicrofilm 86/5875 (D) <MicRR>
082 _a933
_bJOS
100 1 _aJosephus, Flavius.
_913009
240 1 0 _aWorks.
_lEnglish.
_f1873
245 1 4 _aThe works of Josephus, with a life written by himself [microform] /
_ctranslated from the original Greek, including explanatory notes and observations, by William Whiston.
260 _aNew York :
_bMason, Baker & Pratt,
_c1873.
300 _a4 v. in 2 ; 21 cm.
500 _a"A complete index."
500 _aCall number of original: DS116.J7 1873.
500 _aMaster microform held by: DLC.
533 _aMicrofilm. Washington, D.C. : Library of Congress Photoduplication Service, 1986. 1 microfilm reel ; 35 mm.
650 _aJews -- Antiquities
_913010
650 _aJews -- History
_913011
906 _a7
_bcbc
_corignew
_d5
_encip
_f19
_gy-genmicro
942 _2ddc
_cBK